Vida de la venerable madre Sor Ioanna Francisco Fremiot, fundadora de la orden de la visitación de Sta. María.

Detalles Bibliográficos
Autor principal: MAUPAS DU TOUR, Enrique de
Formato: Libro
Publicado: Madrid 1648
Materias:
Colección:Banco de datos
Acervo:Biblioteca del Convento de Santa Mónica de la Ciudad de Puebla. Puebla
Tema general:Biografías
Notas:Regular. Ex libris manuscrito del Conv. de Sta. Mónica. G2, 12.
LEADER 00764nam a22001930004500
035 |a 51916 
036 |a 1684 
100 1 |a MAUPAS DU TOUR, Enrique de 
245 1 0 |a Vida de la venerable madre Sor Ioanna Francisco Fremiot, fundadora de la orden de la visitación de Sta. María.  |c tr. Francisco de Cubillas 
260 |a Madrid  |b imp. Antonio de Zafra  |c 1648 
500 |a Regular. Ex libris manuscrito del Conv. de Sta. Mónica. G2, 12. 
650 1 0 |a Biografías 
949 |a CRP-SM 
959 |a Ex convento de Santa Mónica. Puebla, Puebla  |b CCC5 
960 |a Convento de Santa Mónica de la ciudad de Puebla  |b DD88 
961 |a Franciscana  |b OF 
942 |c CRP-SM 
943 |g Biblioteca del Convento de Santa Mónica de la Ciudad de Puebla. Puebla 
999 |c 962254  |d 962254